书目信息 |
| 题名: |
仪礼疏
|
|
| 作者: | 贾公彦 撰 | |
| 分册: | 第一册 | |
| 出版信息: | 北京 文物出版社 1982 |
|
| 页数: | 全一册 | |
| 开本: | 18*13cm | |
| 丛书名: | 嘉业堂丛书 | |
| 单 册: | ||
| 中图分类: | K892.9 | |
| 科图分类: | ||
| 主题词: | 风俗习惯 | |
| 电子资源: | ||
| ISBN: | ||
| 000 | 00721nam0 2200253 450 | |
| 001 | 0655562672 | |
| 005 | 20061026152901.14 | |
| 010 | @b线装@dCNY8.50 | |
| 100 | @a20061026d1982 km y0chiy0120 ea | |
| 101 | 0 | @achi |
| 102 | @aCN@b110000 | |
| 200 | 1 | @a仪礼疏@h第一册@Ayi li shu@f(唐)贾公彦撰@F(tang)jia gong yan zhuan |
| 205 | @a影印本 | |
| 210 | @a北京@c文物出版社@d1982 | |
| 215 | @a全一册@d18*13cm | |
| 225 | 2 | @a嘉业堂丛书 |
| 300 | @a清吴兴刘氏嘉业堂刊本,文物出版社1982年7月木板刷印 | |
| 300 | @a第一至第十册为一函,共一函五十卷 | |
| 410 | 0 | @12001 @a嘉业堂丛书 |
| 606 | 0 | @a风俗习惯 |
| 690 | @aK892.9@v3 | |
| 701 | 0 | @a贾公彦@Ajia gong yan@4撰 |
| 801 | 0 | @aCN@bPFT@c20061026 |
| 905 | @a10447@dK892.9@e13:1 | |
| 仪礼疏.第一册/(唐)贾公彦撰.-影印本.-北京:文物出版社,1982 |
| 全一册;18*13cm.-(嘉业堂丛书) |
| 清吴兴刘氏嘉业堂刊本,文物出版社1982年7月木板刷印.-第一至第十册为一函,共一函五十卷 |
| ISBN (线装):CNY8.50 |
| ● |
| 相关链接 |
|
|
|
|
正题名:仪礼疏
索取号:K892.9/13:1
 
预约/预借
| 序号 | 登录号 | 条形码 | 馆藏地/架位号 | 状态 | 备注 |
| 1 | 0222639 | 202430020 | 古籍典藏专区/ [索取号:K892.9/13:1] | 在馆 | |
| 2 | 0222649 | 202429924 | 古籍典藏专区/ [索取号:K892.9/13:1] | 在馆 |